[Event "SWE-chT 1819 Elite"]
[Site "Sweden"]
[Date "2018.11.11"]
[Round "3.3"]
[White "Pantzar, Milton"]
[Black "Drugge, Patrick"]
[Result "1-0"]
[WhiteElo "2314"]
[BlackElo "2198"]
[PlyCount "55"]
[EventDate "2018.11.09"]
[EventType "team-tourn"]
[EventRounds "9"]
[EventCountry "SWE"]
[SourceTitle "CBM 187 Extra"]
[Source "ChessBase"]
[SourceDate "2018.11.04"]
[SourceVersion "1"]
[SourceVersionDate "2018.11.04"]
[SourceQuality "1"]
[WhiteTeam "Vasteras"]
[BlackTeam "Norrkoping Schack 08"]
[WhiteTeamCountry "SWE"]
[BlackTeamCountry "SWE"]

1. d4 d5 2. Nf3 e6 3. c4 c6 4. Nc3 f5 5. Bf4 Be7 6. e3 Nf6 7. Bd3 0-0 8. Qc2 Ne4 9. g4 g5 10. Be5 Nd7 11. h4 Nxe5 12. Nxe5 gxh4 13. 0-0-0 Bd7 14. Rdg1 Kh8 15. f4 Bf6 16. Nxd7 Qxd7 17. Bxe4 fxe4 18. g5 Bg7 19. Rxh4 c5 20. dxc5 Rad8 21. Rgh1 h6 22. cxd5 exd5 23. Rxh6+ Bxh6 24. Rxh6+ Kg7 25. Nxe4 dxe4 26. Qc3+ Kg8 27. Rh8+ Kf7 28. Rh7+ 1-0

[Event "SWE-chT 1516 Superettan"]
[Site "Sweden"]
[Date "2016.02.27"]
[Round "6"]
[White "Drugge, Patrick"]
[Black "Nilsson, Joakim"]
[Result "1-0"]
[WhiteElo "2173"]
[BlackElo "2082"]
[PlyCount "87"]
[EventDate "2015.11.06"]
[EventType "team-tourn"]
[EventRounds "9"]
[EventCountry "SWE"]
[SourceTitle "EXT 2018"]
[Source "ChessBase"]
[SourceDate "2017.10.13"]
[SourceVersion "1"]
[SourceVersionDate "2017.10.13"]
[SourceQuality "1"]
[WhiteTeam "Norrkoping Schack 08"]
[BlackTeam "Upsala"]
[WhiteTeamCountry "SWE"]
[BlackTeamCountry "SWE"]

1. e4 d5 2. exd5 Qxd5 3. Nc3 Qd8 4. d4 Nf6 5. Nf3 Bg4 6. h3 Bxf3 7. Qxf3 c6 8. Be3 e6 9. Bd3 Nbd7 10. 0-0 Be7 11. Ne2 0-0 12. c4 Re8 13. Rad1 Qc7 14. g4 Nf8 15. Ng3 Ng6 16. g5 Nd7 17. Qg4 c5 18. Bxg6 hxg6 19. dxc5 Nxc5 20. h4 Red8 21. h5 gxh5 22. Nxh5 Nd7 23. g6 f5 24. Qh3 Nf8 25. Nxg7 Qxc4 26. Rc1 Qe4 27. Nh5 Rac8 28. g7 Nh7 29. Nf4 Bf6 30. Rxc8 Rxc8 31. Rd1 Bg5 32. Rd4 Qb1+ 33. Kg2 Bf6 34. Rd7 Qe4+ 35. Qf3 Qxf3+ 36. Kxf3 Ng5+ 37. Kg2 e5 38. Nd5 Nh7 39. Rxb7 f4 40. Bxa7 Rd8 41. Ne7+ Bxe7 42. Rxe7 Rd2 43. Bb8 e4 44. Bxf4 1-0

[Event "Vaxjo Visma IM-B"]
[Site "Vaxjo"]
[Date "2015.06.24"]
[Round "1"]
[White "Golubka, Petr"]
[Black "Drugge, Patrick"]
[Result "1-0"]
[WhiteElo "2383"]
[BlackElo "2175"]
[PlyCount "51"]
[EventDate "2015.06.24"]
[EventType "tourn"]
[EventRounds "9"]
[EventCountry "SWE"]
[EventCategory "4"]
[SourceTitle "CBM 167 Extra"]
[Source "ChessBase"]
[SourceDate "2015.09.14"]
[SourceVersion "1"]
[SourceVersionDate "2015.09.14"]
[SourceQuality "1"]

1. d4 d5 2. Nf3 c6 3. c4 e6 4. Nc3 f5 5. g4 fxg4 6. Ne5 Nf6 7. Bg5 Be7 8. Qc2 Nbd7 9. 0-0-0 Nxe5 10. dxe5 Nd7 11. Bf4 Bg5 12. e3 Bxf4 13. exf4 0-0 14. Ne2 Nb6 15. h3 g3 16. c5 Nd7 17. fxg3 Qa5 18. Nd4 Nxc5 19. a3 Bd7 20. h4 Rae8 21. Nf3 h6 22. Bg2 b6 23. Qg6 b5 24. Ng5 hxg5 25. hxg5 Rf7 26. Rh8+ 1-0

[Event "Deltalift op"]
[Site "Tylosand"]
[Date "2015.05.15"]
[Round "5"]
[White "Andersson, Stefan1111"]
[Black "Drugge, Patrick"]
[Result "0-1"]
[WhiteElo "2029"]
[BlackElo "2171"]
[PlyCount "52"]
[EventDate "2015.05.14"]
[EventType "swiss"]
[EventRounds "8"]
[EventCountry "SWE"]
[SourceTitle "CBM 166 Extra"]
[Source "ChessBase"]
[SourceDate "2015.06.18"]
[SourceVersion "1"]
[SourceVersionDate "2015.06.18"]
[SourceQuality "1"]

1. d4 d5 2. c4 e6 3. e3 f5 4. Nf3 Nf6 5. Bd3 c6 6. Nc3 Bd6 7. b3 Ne4 8. Bb2 Nd7 9. Qc2 0-0 10. Rc1 Qe8 11. a3 Qg6 12. g3 Ndf6 13. Ne5 Qh6 14. Be2 g5 15. Bf3 Qh3 16. Qd3 Nxc3 17. Rxc3 Ne4 18. Rc1 Bxe5 19. dxe5 g4 20. Bd1 f4 21. exf4 Rxf4 22. Rc2 Ng5 23. cxd5 Re4+ 24. Be2 Qg2 25. Rf1 Nf3+ 26. Kd1 Qxf1+ 0-1

[Event "SWE-chT 1415 Superettan"]
[Site "Sweden"]
[Date "2015.01.18"]
[Round "5"]
[White "Drugge, Patrick"]
[Black "Malmstig, Erik"]
[Result "0-1"]
[WhiteElo "2175"]
[BlackElo "2257"]
[PlyCount "84"]
[EventDate "2014.11.21"]
[EventType "team-tourn"]
[EventRounds "9"]
[EventCountry "SWE"]
[SourceTitle "EXT 2018"]
[Source "ChessBase"]
[SourceDate "2017.10.13"]
[SourceVersion "1"]
[SourceVersionDate "2017.10.13"]
[SourceQuality "1"]
[WhiteTeam "Orebro"]
[BlackTeam "Umea Rockaden"]
[WhiteTeamCountry "SWE"]
[BlackTeamCountry "SWE"]

1. e4 c5 2. Nc3 d6 3. g3 Nc6 4. Bg2 e5 5. d3 h5 6. Nd5 h4 7. c3 Nge7 8. g4 Nxd5 9. exd5 Ne7 10. f4 exf4 11. Bxf4 Ng6 12. Be3 Qe7 13. Kd2 Ne5 14. h3 f5 15. Nf3 fxg4 16. Nxe5 dxe5 17. Be4 g3 18. Bg6+ Kd8 19. Rf1 Qd6 20. Bg5+ Be7 21. Bxe7+ Qxe7 22. Kc2 Qg5 23. Be4 Bxh3 24. Rf7 Ke8 25. Rxb7 Rf8 26. d6 Rf2+ 27. Kb3 Rd8 28. Qh1 Be6+ 29. Ka3 Rxd6 30. Rxa7 g2 31. Qd1 Bd7 32. Qb3 g1Q 33. Qg8+ Ke7 34. Rxg1 Qxg1 35. Ra8 Rf7 36. Qd8+ Ke6 37. Qxh4 Qf2 38. Qd8 c4 39. dxc4 Qc5+ 40. b4 Qxc4 41. Bc2 Qxc3+ 42. Bb3+ Kf5 0-1

[Event "SWE-chT 1415 Superettan"]
[Site "Sweden"]
[Date "2015.01.17"]
[Round "4"]
[White "Drugge, Patrick"]
[Black "Johansson, Jan"]
[Result "1/2-1/2"]
[WhiteElo "2175"]
[BlackElo "2370"]
[PlyCount "42"]
[EventDate "2014.11.21"]
[EventType "team-tourn"]
[EventRounds "9"]
[EventCountry "SWE"]
[SourceTitle "EXT 2018"]
[Source "ChessBase"]
[SourceDate "2017.10.13"]
[SourceVersion "1"]
[SourceVersionDate "2017.10.13"]
[SourceQuality "1"]
[WhiteTeam "Orebro"]
[BlackTeam "Upsala"]
[WhiteTeamCountry "SWE"]
[BlackTeamCountry "SWE"]

1. e4 g6 2. d4 Bg7 3. Nc3 d6 4. Be3 c6 5. Nf3 b5 6. a3 Nd7 7. d5 Bb7 8. Bd4 Ngf6 9. dxc6 Bxc6 10. Bxb5 Bxb5 11. Nxb5 Qa5+ 12. Nc3 e5 13. Be3 Nxe4 14. Qd5 Qxd5 15. Nxd5 0-0 16. 0-0 Ndf6 17. Ne7+ Kh8 18. Ng5 Rab8 19. Nxe4 Nxe4 20. b4 Rb7 21. Nd5 f5 1/2-1/2

[Event "Malmo op"]
[Site "Malmo"]
[Date "2014.12.13"]
[Round "4"]
[White "Kantans, Toms"]
[Black "Drugge, Patrick"]
[Result "1-0"]
[WhiteElo "2447"]
[BlackElo "2193"]
[PlyCount "117"]
[EventDate "2014.12.12"]
[EventType "swiss"]
[EventRounds "7"]
[EventCountry "SWE"]
[SourceTitle "EXT 2016"]
[Source "ChessBase"]
[SourceDate "2015.10.08"]
[SourceVersion "1"]
[SourceVersionDate "2015.10.08"]
[SourceQuality "1"]

1. e4 e5 2. Nf3 Qe7 3. Nc3 c6 4. d4 d6 5. h3 Nf6 6. Be3 b5 7. a3 Bb7 8. d5 a6 9. dxc6 Bxc6 10. Bd3 Qb7 11. Nd2 d5 12. exd5 Nxd5 13. Nxd5 Bxd5 14. Qh5 Nd7 15. f3 g6 16. Qh4 Bg7 17. Qb4 Bf8 18. Qa5 Bc5 19. Ne4 Qb6 20. Qxb6 Bxb6 21. Nf6+ Nxf6 22. Bxb6 0-0 23. 0-0 Rac8 24. Rfe1 Rfe8 25. c3 e4 26. fxe4 Nxe4 27. a4 Re6 28. Bd4 bxa4 29. Rxa4 Nxc3 30. Rxe6 Nxa4 31. Rd6 Bb7 32. b4 Nc3 33. Rb6 Rd8 34. Be5 Rxd3 35. Rxb7 f6 36. Bxf6 Nd5 37. Be5 Re3 38. Bd6 Rb3 39. Kf2 h5 40. h4 a5 41. Rb8+ Kf7 42. bxa5 Rd3 43. a6 Rd2+ 44. Kf3 Ra2 45. Ra8 Ke6 46. Bc5 Nc7 47. Rg8 Kf7 48. Rf8+ Kg7 49. Rc8 Nxa6 50. Bd4+ Kf7 51. Rc6 Nb4 52. Rf6+ Ke7 53. Rxg6 Ra3+ 54. Ke4 Kd7 55. Bc5 Ra4 56. Kf5 Nc6 57. Rg7+ Ke8 58. Ke6 Rxh4 59. Rg8# 1-0

[Event "SWE-chT2 1314"]
[Site "Sweden"]
[Date "2013.11.24"]
[Round "3"]
[White "Drugge, Patrick"]
[Black "Holst, Conny"]
[Result "1/2-1/2"]
[WhiteElo "2141"]
[BlackElo "2160"]
[PlyCount "93"]
[EventDate "2013.11.22"]
[EventType "team-tourn"]
[EventRounds "9"]
[EventCountry "SWE"]
[SourceTitle "EXT 2015"]
[Source "ChessBase"]
[SourceDate "2014.11.20"]
[SourceVersion "1"]
[SourceVersionDate "2014.11.20"]
[SourceQuality "1"]
[WhiteTeam "Orebro"]
[BlackTeam "Limhamn II"]
[WhiteTeamCountry "SWE"]
[BlackTeamCountry "SWE"]

1. e4 c5 2. Nc3 Nc6 3. g3 g6 4. Bg2 Bg7 5. d3 e6 6. f4 d6 7. Nf3 Nge7 8. 0-0 0-0 9. Be3 Nd4 10. e5 Nef5 11. Bf2 Nxf3+ 12. Qxf3 Nd4 13. Qd1 dxe5 14. fxe5 Bxe5 15. Ne4 f5 16. Nxc5 Qc7 17. b4 f4 18. gxf4 Rxf4 19. c3 Rxf2 20. Rxf2 Bxh2+ 21. Kh1 Nf5 22. Qf3 Bg3 23. Re2 Qg7 24. Qg4 Qxc3 25. Rf1 Bc7 26. Rxf5 exf5 27. Bd5+ Kf8 28. Qg5 Qg7 29. Be6 b6 30. Bd5 bxc5 31. Bxa8 Bd7 32. bxc5 h6 33. Qd2 g5 34. d4 Bb5 35. Rf2 Qg6 36. Kg1 f4 37. Bg2 Qf6 38. d5 Be5 39. Qb4 a6 40. a4 Bc3 41. Qe4 Be8 42. Re2 Bd4+ 43. Kh1 Bh5 44. Bf3 Bxf3+ 45. Qxf3 Bxc5 46. Re1 Qf5 47. Re4 1/2-1/2

[Event "SWE-chT2 1314"]
[Site "Sweden"]
[Date "2013.11.23"]
[Round "2"]
[White "Drugge, Patrick"]
[Black "Petrov, Marian"]
[Result "0-1"]
[WhiteElo "2141"]
[BlackElo "2470"]
[PlyCount "44"]
[EventDate "2013.11.22"]
[EventType "team-tourn"]
[EventRounds "9"]
[EventCountry "SWE"]
[SourceTitle "EXT 2015"]
[Source "ChessBase"]
[SourceDate "2014.11.20"]
[SourceVersion "1"]
[SourceVersionDate "2014.11.20"]
[SourceQuality "1"]
[WhiteTeam "Orebro"]
[BlackTeam "Umea Rockaden"]
[WhiteTeamCountry "SWE"]
[BlackTeamCountry "SWE"]

1. e4 c5 2. Nc3 Nc6 3. g3 g6 4. Bg2 Bg7 5. d3 d6 6. f4 e6 7. Nf3 Nge7 8. 0-0 0-0 9. Be3 b6 10. d4 Ba6 11. Re1 Qc7 12. g4 Na5 13. Ne2 Nc4 14. Bc1 cxd4 15. Nexd4 e5 16. fxe5 dxe5 17. Nb3 Rad8 18. Qe2 Qc8 19. Bf1 Nd2 20. Qxa6 Qxg4+ 21. Kh1 Nxf3 22. Be2 Qxe4 0-1

[Event "Norrkoeping Easter op"]
[Site "Norrkoeping"]
[Date "2012.04.06"]
[Round "3"]
[White "Karlsson, Lars"]
[Black "Drugge, Patrick"]
[Result "1/2-1/2"]
[WhiteElo "2473"]
[BlackElo "2179"]
[PlyCount "42"]
[EventDate "2012.04.06"]
[EventType "swiss"]
[EventRounds "8"]
[EventCountry "SWE"]
[SourceTitle "CBM 147 Extra"]
[Source "ChessBase"]
[SourceDate "2012.04.24"]
[SourceVersion "1"]
[SourceVersionDate "2012.04.24"]
[SourceQuality "1"]

1. g3 d5 2. Nf3 g6 3. Bg2 Bg7 4. 0-0 e5 5. c4 c6 6. Qa4 Ne7 7. cxd5 Nxd5 8. d3 0-0 9. a3 Na6 10. Qc2 h6 11. Nbd2 Be6 12. Nc4 Qc7 13. Bd2 c5 14. Rac1 Rac8 15. Qb1 b5 16. Na5 Qd7 17. Rfd1 Rc7 18. Be1 Rb8 19. Nd2 Bg4 20. Bf3 Bxf3 21. Nxf3 Qh3 1/2-1/2